|
|
|
|
| LEADER |
00000cam a2200000 i 4500 |
| 003 |
Ucuenca |
| 005 |
20230308230647.0 |
| 006 |
a|||||r|||| 001 0 |
| 007 |
ta |
| 008 |
191003t2018 ag aaaagr|||| 0|1 0 spa a |
| 020 |
|
|
|a 978-950-02-0870-3
|
| 040 |
|
|
|a UCuenca-cdrjbv
|b spa
|c UCuenca
|e rda
|
| 041 |
0 |
|
|a spa
|
| 082 |
0 |
|
|2 22
|a 781.17
|c 28916840
|
| 100 |
1 |
|
|a Fustinoni, Osvaldo.
|e autor
|9 84215
|
| 245 |
1 |
3 |
|a El cerebro y la música:
|b emoción, creación e interpretación /
|c Osvaldo Fustinoni.
|
| 250 |
|
|
|a Primera edición,
|b 5a. reimpresión.
|
| 264 |
|
1 |
|a Buenos Aires:
|b Editorial El Ateneo,
|c 2018.
|
| 264 |
|
4 |
|c ©2018
|
| 300 |
|
|
|a 190 páginas:
|b ilu
|c 23 cm
|
| 336 |
|
|
|2 rdacontent
|a texto
|b txt
|
| 337 |
|
|
|2 rdamedia
|a no mediado
|b n
|
| 338 |
|
|
|2 rdacarrier
|a volumen
|b nc
|
| 504 |
|
|
|a incl. bibind.
|
| 505 |
1 |
|
|a Música y cerebro -- Cognición musical -- Música y emoción -- Creación y enfermedad -- Interpretar -- Improvisar -- Escuchar.
|
| 520 |
3 |
|
|a La música, cualquiera sea su género, ha tenido una presencia fundamental en todas las épocas y culturas a través de los siglos. La emoción que genera suele ser más extrema que la de las otras artes. No es indispensable para subsistir, pero no renunciaríamos a ella. Ni siquiera las sociedades más primitivas han prescindido de la música. En la época actual, las investigaciones cerebrales han ido suscitando creciente y enorme interés, seguramente porque nos ayudan a comprender mejor el comportamiento humano en relación con el mundo que lo rodea. El crebero está de moda. Las ciencias médicas reconocen especialidades como la neuroendocrinología, la neurocardiología y la neurogastroenterología. Han ido surgiendo en estos años sorprendentes disciplinas, como la neuroeconomía, las neurofinanzas, la neurocriminología, y también el neuroarte. No tardarían las neurociencias en indagar también las relaciones de la música con el cerebro, y surgió así... ¡la neuromúsica!
|
| 650 |
1 |
7 |
|2 UCuenca-cdrjbv
|9 75370
|a Musicoterapia
|
| 942 |
|
|
|2 ddc
|c BK
|z ivan.verdugo@ucuenca.edu.ec
|
| 999 |
|
|
|c 157518
|d 157518
|